Top 10 Largest Cities In the UK - Sudden Death - Statistics

General Stats
  • This quiz has been taken 157 times
  • The average score is 5 of 10
Answers on the Grid
Answers color-coded by a green-red scale on the quiz's grid according to % correct below.
Cardiff
Leicester
Nottingham
Manchester
Sheffield
Newcastle
Belfast
London
Plymouth
Aberdeen
Edinburgh
Northampton
Leeds
Bradford
Birmingham
Coventry
York
Glasgow
Portsmouth
Liverpool
Middlesbrough
Oxford
Bristol
Derby
Brighton
 
Answer Stats
Answer % Correct
London
84%
Manchester
83%
Birmingham
68%
Liverpool
62%
Glasgow
59%
Leeds
54%
Sheffield
36%
Edinburgh
30%
Bristol
23%
Leicester
17%
No matching quizzes found
Score Distribution
Percent of People with Each Score
Percentile by Number Answered
Your Score History
You have not taken this quiz